000 00267nam a22001217a 4500
082 _a370.15
_bSIM/E
100 _aSIMON, K A
245 _aEDUCATION BEYOND CLASSROOMS
260 _aCOCHIN
_bK A SIMON
_c2004
300 _a40
650 _aEDUCATIONAL
_zINDIA
942 _cBK
999 _c5449
_d5449